Представление документа в формате MARC21

Поле Инд. ПП Название Значение
Тип записи a
Библиографический уровень b
001 Контрольный номер RU/IS/BASE/253377671
005 Дата корректировки 20220715140342.1
008 Кодируемые данные 20080111
040 b Код языка каталог. rus
e Правила каталог. PSBO
041 0_ a Код языка текста rus
084 a Индекс другой классификации/Индекс ББК 60.561.53(2Рос)
100 1_ a Автор Квиткина Л. Г.
q Полное имя Квиткина Людмила Григорьевна
100 1_ a Автор Воеводина Ю. С.
q Полное имя Воеводина Юлия Сергеевна
245 10 a Заглавие Методологические принципы разработки типологии гражданского брака
504 a Библиография Библиогр. ссылки. - Примеч.
650 a Основная рубрика социология
a Основная рубрика социология семьи
653 a Ключевые слова брак
a Ключевые слова брачные отношения
a Ключевые слова гражданский брак
a Ключевые слова методология социологии
a Ключевые слова Россия
a Ключевые слова семейно-брачные отношения
a Ключевые слова сожительство
a Ключевые слова типология гражданского брака
773 0_ t Заглавие источника Вестник Московского университета. Серия 18, Социология и политология
d Дата издания источника 2007
g Прочая информация № 3. - С. 66 - 79 : табл.
w Контрольный № источника RU/IS/BASE/250005829
901 t Тип документа b